| 000 | 01394nac a22003611i 4500 | ||
|---|---|---|---|
| 003 | EG-ScBUE | ||
| 005 | 20240625134328.0 | ||
| 008 | 240625s2007 enkb f b 001 0 eng d | ||
| 020 | _a9780521682978 (pbk.) | ||
| 020 | _a0521682975 (pbk.) | ||
| 035 | _a(OCoLC)ocm77334012 | ||
| 035 | _a(OCoLC)77334012 | ||
| 040 |
_aEG-ScBUE _beng _erda _cEG-ScBUE _dEG-ScBUE |
||
| 043 | _af------ | ||
| 082 | 0 | 4 |
_a960 _bILI _222 |
| 100 | 1 |
_aIliffe, John, _eauthor. |
|
| 245 | 1 | 0 |
_aAfricans : _bthe history of a continent / _cJohn Iliffe, fellow of St. John's College, Cambridge. |
| 250 | _aSecond edition. | ||
| 250 | _aNew edition. | ||
| 264 | 1 |
_aCambridge ; _aNew York : _bCambridge University Press, _c2007. |
|
| 300 |
_axiii, 365 pages : _bmaps ; _c24 cm. |
||
| 336 |
_2rdacontent _atext _btxt |
||
| 337 |
_aunmediated _2rdamedia _bn |
||
| 338 |
_avolume _bnc _2rdacarrier |
||
| 490 | 0 |
_aAfrican studies ; _v108 |
|
| 504 | _aIncludes bibliographical references and index. | ||
| 651 | 7 |
_aAfrica _xHistory. _2BUEsh |
|
| 655 | _vReading book | ||
| 856 | 4 | 2 |
_3Publisher description _uhttp://www.loc.gov/catdir/enhancements/fy0615/2006101721-d.html |
| 856 | 4 | 2 |
_3Table of contents only _uhttp://www.loc.gov/catdir/enhancements/fy0615/2006101721-t.html |
| 856 | 4 | 2 |
_3Contributor biographical information _uhttp://www.loc.gov/catdir/enhancements/fy0729/2006101721-b.html |
| 942 |
_cBB _2ddc |
||
| 999 |
_c8837 _d8837 |
||